Los grandes enigmas de la Gran Guerra / (Record no. 75699)

MARC details
000 -LEADER
campo de control de longitud fija 01005nam a2200265 i 4500
001 - NÚMERO DE CONTROL
campo de control 75699
003 - IDENTIFICADOR DE NÚMERO DE CONTROL
campo de control ES-MaACL
005 - FECHA Y HORA DE LA ÚLTIMA TRANSACCIÓN
campo de control 20250818131137.0
007 - CAMPO FIJO DE DESCRIPCIÓN FÍSICA--INFORMACIÓN GENERAL
campo de control de longitud fija t|
008 - DATOS DE LONGITUD FIJA--INFORMACIÓN GENERAL
campo de control de longitud fija 040927m19681969sp f 00110 spa d
080 ## - NÚMERO DE LA CLASIFICACIÓN DECIMAL UNIVERSAL
Número de la Clasificación Decimal Universal 940"1914/18"
245 04 - MENCIÓN DEL TÍTULO
Título Los grandes enigmas de la Gran Guerra /
Mención de responsabilidad, etc. presentados por Bernard Michal ; con la colaboración de Edouard Bobrowski ... [et al.].
250 ## - MENCION DE EDICION
Mención de edición Ed. reservada a los Amigos de la Historia.
260 ## - PUBLICACIÓN, DISTRIBUCIÓN, ETC.
Lugar de publicación, distribución, etc. Madrid :
Nombre del editor, distribuidor, etc. [s. n.,
Fecha de publicación, distribución, etc. 1968-1969] (
Fabricante Artes Graf. Mateu Cromo)
300 ## - DESCRIPCIÓN FÍSICA
Extensión 2 v. :
Otras características físicas lám. ;
Dimensiones 18 cm.
490 1# - MENCIÓN DE SERIE
Mención de serie Los grandes enigmas históricos de nuestro tiempo
504 ## - NOTA DE BIBLIOGRAFÍA, ETC.
Nota de bibliografía, etc. Bibliografía: v. 1 (p. 239-241), v. 2 (p. 249-251)
650 04 - PUNTO DE ACCESO ADICIONAL DE MATERIA--TÉRMINO DE MATERIA
Término de materia o nombre geográfico como elemento de entrada Guerra mundial, 1914-1918.
9 (RLIN) 13212
700 1# - ENTRADA AGREGADA--NOMBRE PERSONAL
Nombre de persona Michal, Bernard.
9 (RLIN) 80865
700 2# - ENTRADA AGREGADA--NOMBRE PERSONAL
Nombre de persona
9 (RLIN) 241857
740 42 - ENTRADA AGREGADA--TÍTULO RELACIONADO/ANALÍTICO NO CONTROLADO
Título relacionado o analítico no controlado Los grandes enigmas de la Primera Guerra Mundial.
830 0# - PUNTO DE ACCESO ADICIONAL DE SERIE-TÍTULO UNIFORME
Título uniforme Los grandes enigmas históricos de nuestro tiempo
9 (RLIN) 231260
852 ## - LOCALIZACIÓN
Ubicación ES-MaACL
Número de control de estantería C-40646-47
Holdings
Estatus retirado Estado de pérdida Estado de daño No para préstamo Biblioteca de origen Biblioteca actual Ubicación en estantería Fecha de adquisición Fuente de adquisición Total de préstamos Signatura topográfica completa Código de barras Visto por última vez Precio de reemplazo Tipo de ítem Koha
        Biblioteca del Ateneo de Madrid Biblioteca del Ateneo de Madrid Depósito 2 17/01/2008     C-40646-47 1079233 23/02/2023 23/02/2023 Libro impreso